Kevin Garnett's basketball career - Statistics

General Stats
  • This quiz has been taken 235 times
  • The average score is 8 of 9
Answer Stats
Hint Answer % Correct
Ranks ___ all time in Defensive career rebounds 2
100%
How amny teams has he played for? 3
98%
What seed was he drafted in 1995 nba draft 5
97%
Consecutive seasons leading the league in rebounding 5
97%
MVP what year? 2004
94%
How many all-star selections? 15
93%
All-Star game MVP of what year? 2003
91%
Won a championchip with the__________ Celtics
90%
name of high school he attended Farragut Academy
14%
No matching quizzes found
Score Distribution
Percent of People with Each Score
Percentile by Number Answered
Your Score History
You have not taken this quiz